|
|
|
|
| LEADER |
01174nam a2200277 a 4500 |
| 001 |
GR-MES15861 |
| 008 |
101118s2007 inua 001 0 eng|c |
| 020 |
|
|
|a 0470108320
|q (pbk.)
|
| 020 |
|
|
|a 9780470108321
|q (pbk.)
|
| 040 |
|
|
|a GrPaTEI
|b gre
|c GR-PaULI
|
| 082 |
0 |
|
|a 005.8
|2 22
|
| 100 |
1 |
|
|a Minasi, Mark.
|
| 245 |
1 |
0 |
|a Administering Windows Vista security :
|b the big surprises /
|c Mark Minasi, Byron Hynes.
|
| 260 |
|
|
|a Indianapolis, IN :
|b Wiley/Sybex,
|c c2007.
|
| 300 |
|
|
|a xxii, 266 σ. :
|b εικ. ;
|c 24 εκ.
|
| 490 |
0 |
|
|a Mark Minasi Windows administrator library
|
| 500 |
|
|
|a Περιλαμβάνει ευρετήριο.
|
| 500 |
|
|
|a Περιλαμβάνει ευρετήριο.
|
| 630 |
0 |
0 |
|a Microsoft Windows (Computer file)
|
| 650 |
|
0 |
|a Computer security.
|
| 700 |
1 |
|
|a Hynes, Byron
|e συγγραφέας.
|
| 700 |
1 |
|
|a Minasi, Mark.
|t Mark Minasi Windows administrator library.
|
| 942 |
|
|
|2 ddc
|
| 952 |
|
|
|0 0
|1 0
|2 ddc
|4 0
|6 005_800000000000000_MIN
|7 0
|9 273516
|a MSLG
|b MSLG
|c BSC
|d 2021-01-17
|e 24
|f 0
|g 0.00
|l 0
|o 005.8 MIN
|p 2420000024405
|r 2021-01-17 00:00:00
|t 1
|w 2021-01-17
|y BK15
|x 20101118 0 1
|x GrPaTEI
|
| 971 |
|
|
|a .b25819100
|b 15-04-20
|c 13-09-16
|
| 999 |
|
|
|c 158437
|d 158437
|